Statistiques concernant Belgicismes

Cliquez ici pour prendre le quiz!

Statistiques générales

  • Ce quiz a été pris 70 fois
  • Le résultat moyen est 12 sur 30

Statistiques - réponses

Mot françaisBelgicisme% Correct
Quatre-vingt-dix Nonante
94%
Septante Soixante-dix
87%
Bourgmestre Maire
83%
Téléphone portable GSM
76%
Diner Souper
71%
EndiveChicon
70%
A tout à l'heureA tantôt
67%
Averse Drache
65%
Pouvoir Savoir
59%
ChiqueChewing-gum
54%
ServietteEssuie
52%
Guindaille Fête
51%
Tututte Tétine
46%
Kicker Baby-foot
40%
Culbute Cumulet
40%
Poignée de porteClenche
37%
Très froidCaillant
29%
Boucles de cheveuxCroles
19%
Argent de pocheDringuelle
19%
A poufAu hasard
16%
Fête foraineDucasse
16%
Boudine Ventre
14%
CraboutchasGribouillis
11%
BerdouilleBoue
10%
Péteux Prétentieux
10%
Racrapoté Recroquevillé
6%
Un petit peuUne rawette
6%
Poque Trace de coup
5%
AstruquerAvaler de travers
0%
Ramassette Pelle à poussières
0%

Distribution des résultats

Percentile par nombre de réponses

% des personnes avec chaque résultat

Votre développement - résultats

Vous n’avez pas pris ce quiz